• 首页
  • 本馆介绍
  • 公告通知
  • 最新文献
  • 馆藏检索
  • 电子资源
  • 读者导购
  • 参考咨询
  • 我的图书馆
  • 登录
  • 详细信息显示
  • 放入我的书架
  • 预约/预借图书
  • 作者相关作品
  • 分类相关作品
  • 丛书相关作品
  • 出版社相关作品

书目信息

  • 表格格式
  • 工作单格式
  • 卡片格式
题名:
设计进化论!
    
 
作者: 樱井和枝 , 杉江耕平 , 田中久美子 , 原弘始 著 ;凤凰空间·天津 译
分册:   日本版式设计速查手册
出版信息: 南京   江苏凤凰美术出版社  2021.6
页数: 299页
开本: 17×21cm
丛书名:
单 册:
中图分类: J06 , TS881
科图分类:
主题词: 设计--手册 , 版式--设计--手册
电子资源:
ISBN: 978-7-5580-8668-7
000 02040nam2 2200373 45
001 012001000649
005 20130909114609.0
010    @a978-7-5580-8668-7@dCNY79.80
100    @a20210708d2021 em y0chiy0110 ea
101 1  @achi@cjpn
102    @aCN@b320000
105    @aa z 000yy
106    @ar
200 1  @a设计进化论!@Ashe ji jin hua lun!@i日本版式设计速查手册@d1000 ideas of layout design@f(日)樱井和枝[等]著@g凤凰空间·天津译@zeng
210    @a南京@c江苏凤凰美术出版社@d2021.6
215    @a299页@c图@d17×21cm
300    @a其他题名:日本版式设计速查手册
304    @a题名页其他责任者:杉江耕平, 田中久美子, 原弘始等
312    @a版权页题日语并列题名
314    @a樱井和枝,从事广告设计工作。1962年出生于日本大阪,经历了手绘POP的繁盛期,现在主要以Mac为合作伙伴,从事广告设计的工作。2004年,开设了名为“使用POP广告来打造出色店铺”的主页。杉江耕平,1972年出生。现为平面设计师。合著有素材集《设计素材集:复古与框架》《设计素材集:天空与云》等。田中久美子,从事网页设计工作。于2000年开始担任自由设计师,主要负责企业官网设计,和以女性为对象的网页设计。原弘始,1975年生。担任日本Design Studio. L常务董事。常于日本《Web Creators》《MdN》《MdN Designer File 2004》《Web年鉴2001》《Web Design》等刊载作品与文章。 [日]林晶子,从事印刷品与网页设计工作。
330    @a这是一本汇集了各种各样平面设计版式的“点子”集。《设计进化论!日本版式设计速查手册》便是为了急需设计点子的人所编撰而成的版式范例。本书收录了六位日本各领域顶尖的视觉设计师,展示出 1000 个令人赞叹的版式范例。
510 1  @a1000 ideas of layout design@zeng
517 1  @a日本版式设计速查手册
606 0  @a设计@j手册
606 0  @a版式@x设计@j手册
690    @aJ06@v5
690    @aTS881@v5
701  0 @c(日)@a樱井和枝@Aying jing he zhi@f(1962-)@4著
701  0 @c(日)@a杉江耕平@Ashan jiang geng ping@f(1972-)@4著
701  0 @c(日)@a田中久美子@Atian zhong jiu mei zi@4著
701  0 @c(日)@a原弘始@Ayuan hong shi@f(1975-)@4著
712 02 @a凤凰空间·天津@Afeng huang kong jian· tian jin@4译
801    @aCN@b江苏凤凰@c20211018
905    @b1340484-7@dJ06@e540@f4
    
    设计进化论!.日本版式设计速查手册=1000 ideas of layout design/(日)樱井和枝[等]著/凤凰空间·天津译.-南京:江苏凤凰美术出版社,2021.6
    299页:图;17×21cm
    其他题名:日本版式设计速查手册
    
    ISBN 978-7-5580-8668-7:CNY79.80
    这是一本汇集了各种各样平面设计版式的“点子”集。《设计进化论!日本版式设计速查手册》便是为了急需设计点子的人所编撰而成的版式范例。本书收录了六位日本各领域顶尖的视觉设计师,展示出 1000 个令人赞叹的版式范例。
●
相关链接 在E读中查询图书 在五车中查询图书 在当当中查询图书 在豆瓣中查询图书


正题名:设计进化论!     索取号:J06/540         预约/预借

序号 登录号 条形码 馆藏地/架位号 状态 备注
1 1340484   213404840   第一样本阅览室/ [索取号:J06/540] 在馆    
2 1340485   213404859   第一借阅区/ [索取号:J06/540] 在馆    
3 1340486   213404868   第一借阅区/ [索取号:J06/540] 在馆    
4 1340487   213404877   第一借阅区/ [索取号:J06/540] 在馆    
唐山师范学院图书馆 欢迎您!
大连网信软件有限公司© 版权所有